00971cam a2200229 a 450000100100000000500170001000800410002704000300006808200180009810000340011624501520015026000500030230000280035250000960038065000340047665000230051065000270053391000330056004900090059395201220060299900170072400001916620200929165934.0910529r19891787cu af 000 0 spa d aDO-SdBNPbspacDLCdBNPHU a590.91bP259d1 aParra, Antonio,d1954-94125610aDescripción de diferentes piezas de historia natural, las más del ramo marítimo, representadas en setenta y cinco láminas /cAntonio Parra. aLa Habana, Cuba :bEditorial Academia,c1989. a195 p. :bil. ;c19 cm. aReimpresión. Originalmente publicado: La Habana: Impr. de la Capitanía General de 1787. 4aHistoria naturalzCuba941257 4aPeceszCuba941258 4aCrustaceozCuba941259 aCatalogación derivada / LC aBNGR 001054708MOaGRbGRcCTd2010-05-27iLF1l0o590.91 P259dp19166-10r2020-06-25w2020-06-25y4ZPréstamo en sala c18684d18684